01726nam a2200421 a 4500001001300000003000900013005001700022008004100039020001800080040002800098043001200126082002400138245021700162260022300379300005900602504002900661650003500690650002300725650004800748650003900796650003600835700002200871700002700893700003000920700002200950700004500972700003701017700002201054700002101076700001901097700002801116700002301144700002201167700003001189700003201219700002301251700003001274C01476645c-8CO-ViMGA20230915233142.0150327s2014 ag a gr 00110 spa d z9789877220308 aCO-ViMGAbspacCO-ViMGA acl-----04a330.98 bA53a9 22100aAmérica Latina en medio de la crisis mundial : btrayectorias nacionales y tendencias regionales / cRicardo Antunes, Orlando Caputo Leiva, Claudio Lara Cortés [y otros] ; coordinador Jairo Estrada Álvarez. aBuenos Aires : bConsejo Latinoamericano de Ciencias Sociales, CLACSO ; aBogotá : bUniversidad Nacional de Colombia. Facultad de Derecho, Ciencias Políticas y Sociales. Departamento de Ciencia Política, c2014. a306 páginas : bilustraciones, gráficos ; c24 cm. aIncluye bibliografías.14aEconomíaz América Latina.14aEconomíaz Cuba.14aCrecimiento económicoz América Latina.14aNeoliberalismoz América Latina.14aPostneoliberalismoz Argentina.1 aAntunes, Ricardo.1 aCaputo Leiva, Orlando.1 aCarcanholo, Marcelo Dias.1 aElías, Antonio.1 aEstrada Álvarez, Jairo, ecoordinador.1 aGalarce Villavicencio, Graciela.1 aGambina, Julio C.1 aGirón, Alicia.1 aKatz, Claudio.1 aLara Cortés, Claudio.1 aMorales, Josefina.1 aPinazo, Germán.1 aRodríguez, José Luis.1 aSaltos Galarza, Napoleón.1 aSaludjian, Alexis.1 aVaresi, Gastón Ángel.